00000000nem##2200000za#4500
0019.549380
003CaOODSP
00520200401003813
007aj |a|||
008150406|2010||||xxc||||   a##f  |   eng|d
020 |a978-0-660-64624-4
022 |a1915-884X
040 |aCaOODSP|beng
041 |aeng
041 |afre
043 |an-cn---
0861 |aM116-2/046P13
1101 |aCanada.|bNatural Resources Canada. |bCentre for Topographic Information.
24510|aMcCaig Bay, Nunavut |h[cartographic material]
250 |aEd. 02, version 00
255 |aScale 1:50,000
260 |aOttawa - Ontario : |bNatural Resources Canada. |c2010.
300 |a1 sheet. : |bcoloured map ; |c73 cm.
4901 |aCanadian topographic maps |x1915-884X|v46-P/13
500 |aSeries A713. Includes a legend.
590 |a10-20|b2010-05-21
7760#|tMcCaig Bay, Nunavut |w(CaOODSP)9.584054
792 |tMcCaig Bay, Nunavut |efre|w(CaOODSP)9.549381
830#0|aCanadian topographic maps,|x1915-884X|v46-P/13|w(CaOODSP)9.511450